[Event "Telford 4NCL U1825 op"]
[Site "Telford"]
[Date "2018.11.03"]
[Round "7"]
[White "Shetty, Yash"]
[Black "Hirst, Joe"]
[Result "1-0"]
[WhiteElo "1286"]
[BlackElo "1425"]
[PlyCount "59"]
[EventDate "2018.10.31"]
[EventType "swiss"]
[EventRounds "9"]
[EventCountry "ENG"]
[SourceTitle "EXT 2021"]
[Source "ChessBase"]
[SourceDate "2020.10.23"]
[SourceVersion "1"]
[SourceVersionDate "2020.10.23"]
[SourceQuality "1"]

1. c4 Nf6 2. g3 g6 3. Bg2 Bg7 4. Nc3 0-0 5. e3 d6 6. Nge2 Nbd7 7. d4 c5 8. 0-0 a6 9. b3 Rb8 10. a4 Nb6 11. dxc5 dxc5 12. Qc2 Be6 13. Bb2 Qc8 14. Nf4 Rd8 15. Rfe1 Rd6 16. e4 Ng4 17. Ncd5 Bxd5 18. Bxg7 Kxg7 19. Qc3+ Kg8 20. cxd5 Nd7 21. Bh3 Ndf6 22. f3 h5 23. fxg4 hxg4 24. Bg2 Nd7 25. e5 Rb6 26. a5 Rb4 27. e6 Nf6 28. d6 fxe6 29. Nxg6 Kf7 30. Nxe7 1-0

[Event "Telford 4NCL U1825 op"]
[Site "Telford"]
[Date "2018.11.01"]
[Round "2"]
[White "Parry, Samuel A"]
[Black "Shetty, Yash"]
[Result "0-1"]
[WhiteElo "1518"]
[BlackElo "1286"]
[PlyCount "56"]
[EventDate "2018.10.31"]
[EventType "swiss"]
[EventRounds "9"]
[EventCountry "ENG"]
[SourceTitle "CBM 187 Extra"]
[Source "ChessBase"]
[SourceDate "2018.11.04"]
[SourceVersion "1"]
[SourceVersionDate "2018.11.04"]
[SourceQuality "1"]

1. d4 f5 2. Bf4 e6 3. Nf3 Nf6 4. e3 Be7 5. h3 0-0 6. Bd3 c5 7. c3 Nc6 8. Nbd2 d5 9. Ne5 Nxe5 10. dxe5 Ne4 11. Bxe4 fxe4 12. Qg4 Bd7 13. h4 Qb6 14. Rb1 Rf5 15. Bg5 Bxg5 16. hxg5 Be8 17. Qg3 Qa6 18. a3 Qd3 19. Rd1 Qc2 20. Rb1 Bg6 21. f4 exf3 22. gxf3 Raf8 23. f4 d4 24. cxd4 cxd4 25. Rf1 Qd3 26. Rc1 Bh5 27. Nf3 Qxe3+ 28. Kd1 Rxf4 0-1

[Event "Telford 4NCL U1825 op"]
[Site "Telford"]
[Date "2018.11.01"]
[Round "3"]
[White "Shetty, Yash"]
[Black "Mellor, Peter"]
[Result "1-0"]
[WhiteElo "1286"]
[BlackElo "1427"]
[PlyCount "63"]
[EventDate "2018.10.31"]
[EventType "swiss"]
[EventRounds "9"]
[EventCountry "ENG"]
[SourceTitle "CBM 187 Extra"]
[Source "ChessBase"]
[SourceDate "2018.11.04"]
[SourceVersion "1"]
[SourceVersionDate "2018.11.04"]
[SourceQuality "1"]

1. g3 g6 2. Bg2 Bg7 3. d4 d6 4. e4 Nc6 5. Nf3 Bg4 6. Be3 f5 7. exf5 Bxf5 8. Nc3 Nf6 9. 0-0 0-0 10. d5 Nb4 11. Nd4 Qd7 12. a3 Na6 13. Nxf5 Qxf5 14. Ne2 Ng4 15. Bd4 Ne5 16. f4 Ng4 17. Bxg7 Kxg7 18. Nd4 Qh5 19. h3 Ne3 20. Ne6+ Kg8 21. Qd4 Nf5 22. Qc3 Qe2 23. Rae1 Qb5 24. g4 Qb6+ 25. Kh2 Rf6 26. gxf5 gxf5 27. b4 Rc8 28. Ng5 Re8 29. Rxe7 Ref8 30. Nxh7 R6f7 31. Nf6+ Rxf6 32. Qg3+ 1-0

[Event "Telford 4NCL U1825 op"]
[Site "Telford"]
[Date "2018.10.31"]
[Round "1"]
[White "Shetty, Yash"]
[Black "Brockes, Jeremy P"]
[Result "1-0"]
[WhiteElo "1286"]
[BlackElo "1492"]
[PlyCount "67"]
[EventDate "2018.10.31"]
[EventType "swiss"]
[EventRounds "9"]
[EventCountry "ENG"]
[SourceTitle "CBM 187 Extra"]
[Source "ChessBase"]
[SourceDate "2018.11.04"]
[SourceVersion "1"]
[SourceVersionDate "2018.11.04"]
[SourceQuality "1"]

1. g3 Nf6 2. Bg2 g6 3. e4 d6 4. d4 Bg7 5. Nc3 0-0 6. Nge2 Nbd7 7. 0-0 c5 8. dxc5 Nxc5 9. Be3 Be6 10. f3 Rc8 11. Qd2 a6 12. Rad1 b5 13. a3 Nfd7 14. Nd4 Nb6 15. b3 Qc7 16. Qf2 Nbd7 17. Nce2 Ne5 18. h3 Bd7 19. f4 Nc6 20. Nc3 e6 21. Ncxb5 axb5 22. Nxb5 Qb8 23. Nxd6 Nb7 24. Nxc8 Qxc8 25. e5 Ne7 26. Qd2 Nd5 27. Bf2 Nc5 28. Qd4 Nb7 29. c4 Rd8 30. cxd5 exd5 31. Qxd5 Bxh3 32. Qxb7 Bxg2 33. Rxd8+ Qxd8 34. Kxg2 1-0